000
00199 a2200097 4500
001
59485
100
_a
245
_a
Strength of materials
260
_a
_b
Longman
_c
090
_c
36400
_d
36400
942
_a
NUST-CAE
_c
MONOGRAPH
_c
29337
999
_c
294558
_d
294558